[Event "BCF-chT2 0102 (4NCL)"]
[Site "Birmingham"]
[Date "2001.11.25"]
[Round "4.2"]
[White "Berry, Stephen"]
[Black "Clarke, Stuart"]
[Result "1/2-1/2"]
[WhiteElo "2298"]
[BlackElo "2290"]
[PlyCount "87"]
[EventDate "2001.09.22"]
[EventType "team"]
[EventRounds "11"]
[EventCountry "ENG"]
[SourceTitle "EXT 2003"]
[Source "ChessBase"]
[SourceDate "2002.11.25"]
[SourceVersion "1"]
[SourceVersionDate "2002.11.25"]
[SourceQuality "1"]
[WhiteTeam "Kings Head"]
[BlackTeam "Numerica 3CS"]
[WhiteTeamCountry "ENG"]
[BlackTeamCountry "ENG"]

1. e4 e6 2. d4 d5 3. e5 c5 4. c3 Nc6 5. Nf3 Qb6 6. Be2 Nh6 7. Bxh6 gxh6 8. Qd2 Bg7 9. 0-0 0-0 10. Na3 f6 11. exf6 Rxf6 12. Nc2 Bd7 13. b4 cxd4 14. cxd4 Be8 15. b5 Ne7 16. Ne5 h5 17. Rad1 Ng6 18. Kh1 Nxe5 19. dxe5 Rxf2 20. Rxf2 Qxf2 21. Nd4 Bf7 22. Nf3 Rc8 23. Rf1 Qb6 24. Bd3 Qc7 25. Ng5 Bg6 26. Bxg6 hxg6 27. Nxe6 Qxe5 28. Nxg7 Kxg7 29. h3 d4 30. Re1 Qd6 31. Rd1 Rc4 32. Qd3 Qd5 33. Rf1 Rc3 34. Qe2 Re3 35. Qf2 Qf5 36. Qxf5 gxf5 37. Rxf5 Re1+ 38. Kh2 d3 39. Rd5 Re3 40. Kg1 Kf6 41. Kf2 Re2+ 42. Kf3 Rxa2 43. Rxh5 Ke6 44. Ke3 1/2-1/2

[Event "BCF-chT2 0001 (4NCL)"]
[Site "Birmingham"]
[Date "2000.11.25"]
[Round "3.2"]
[White "Clarke, Stuart"]
[Black "Upton, Ian J"]
[Result "1-0"]
[WhiteElo "2300"]
[BlackElo "2258"]
[PlyCount "58"]
[EventDate "2000.11.26"]
[EventType "team"]
[EventRounds "11"]
[EventCountry "ENG"]
[SourceTitle "CBM 079 Extra"]
[Source "ChessBase"]
[SourceDate "2001.01.11"]
[SourceVersion "2"]
[SourceVersionDate "2001.01.25"]
[SourceQuality "1"]
[WhiteTeam "3CS Oldham"]
[BlackTeam "Wessex"]
[WhiteTeamCountry "ENG"]
[BlackTeamCountry "ENG"]

1. e4 e6 2. d4 d5 3. Nd2 c5 4. exd5 Qxd5 5. Ngf3 cxd4 6. Bc4 Qd6 7. 0-0 Nf6 8. Nb3 Nc6 9. Nbxd4 Nxd4 10. Nxd4 Bd7 11. c3 Be7 12. Re1 0-0 13. Qf3 Rac8 14. Bf4 Qb6 15. Bb3 Rfe8 16. Be5 Rc5 17. Rad1 Bc8 18. Ba4 Rf8 19. b4 Rd5 20. Bb3 Rdd8 21. a3 a5 22. Qg3 Ne8 23. h4 axb4 24. axb4 Bd6 25. h5 Bxe5 26. Rxe5 f6 27. Rc5 Qd6 28. Rxc8 Rxc8 29. Bxe6+ Kh8 1-0

[Event "BCF-chT 9798 (4NCL)"]
[Site "England"]
[Date "1998.03.22"]
[Round "8.1"]
[White "Parker, Jonathan"]
[Black "Clarke, Stuart"]
[Result "1-0"]
[WhiteElo "2515"]
[BlackElo "2285"]
[PlyCount "77"]
[EventDate "1997.11.??"]
[EventType "team"]
[EventRounds "11"]
[EventCountry "ENG"]
[SourceTitle "CBM 064 Extra"]
[Source "ChessBase"]
[SourceDate "1998.07.07"]
[SourceVersion "1"]
[SourceVersionDate "1998.07.07"]
[SourceQuality "1"]
[WhiteTeam "Midland Monarchs"]
[BlackTeam "NW Eagles"]
[WhiteTeamCountry "ENG"]
[BlackTeamCountry "ENG"]

1. d4 e6 2. c4 Nf6 3. Nf3 Bb4+ 4. Bd2 Qe7 5. g3 0-0 6. Bg2 Bxd2+ 7. Qxd2 d6 8. Nc3 e5 9. 0-0 Re8 10. e4 Bg4 11. Ne1 Nc6 12. f3 Bc8 13. Nc2 Nxd4 14. Nxd4 exd4 15. Qxd4 Qe5 16. Rfd1 Be6 17. b3 Nd7 18. f4 Qxd4+ 19. Rxd4 f6 20. Nb5 Rec8 21. Rd2 a6 22. Nd4 Bg4 23. Rc1 Rab8 24. b4 Re8 25. Nc2 Nf8 26. Ne3 Bh5 27. Nd5 Rbc8 28. a4 Bg6 29. Bh3 Rcd8 30. Nxc7 Rxe4 31. Bg2 Re7 32. Nd5 Ree8 33. Nc7 Re7 34. Nd5 Ree8 35. Nb6 Ne6 36. a5 Re7 37. Re1 Kf8 38. Rde2 Rde8 39. Nd5 1-0

[Event "BCF-chT 9798 (4NCL)"]
[Site "England"]
[Date "1998.03.21"]
[Round "7.3"]
[White "McDonald, Neil R"]
[Black "Clarke, Stuart"]
[Result "0-1"]
[WhiteElo "2485"]
[BlackElo "2285"]
[PlyCount "80"]
[EventDate "1997.11.??"]
[EventType "team"]
[EventRounds "11"]
[EventCountry "ENG"]
[SourceTitle "CBM 064 Extra"]
[Source "ChessBase"]
[SourceDate "1998.07.07"]
[SourceVersion "1"]
[SourceVersionDate "1998.07.07"]
[SourceQuality "1"]
[WhiteTeam "Invicta Knights Maidstone"]
[BlackTeam "NW Eagles"]
[WhiteTeamCountry "ENG"]
[BlackTeamCountry "ENG"]

1. e4 e6 2. d4 d5 3. Nc3 Bb4 4. e5 c5 5. a3 Bxc3+ 6. bxc3 Ne7 7. Qg4 Qc7 8. Bd3 c4 9. Be2 Nf5 10. Nf3 Bd7 11. a4 Qa5 12. Bd2 Bxa4 13. 0-0 Nc6 14. Rfb1 b5 15. Ra2 0-0-0 16. Bf1 h6 17. h4 Rdg8 18. h5 g6 19. Be1 Nce7 20. Nd2 Qc7 21. Nb3 gxh5 22. Qxh5 Nc6 23. Nc5 Rg5 24. Qh3 h5 25. Nxa4 bxa4 26. Rxa4 Rhg8 27. Rb5 a5 28. Rc5 Rg4 29. f3 R4g5 30. Bd2 R5g6 31. Bf4 h4 32. g4 hxg3 33. Bxc4 Qb6 34. Bb5 Kd8 35. Qf1 g2 36. Qe1 Ncxd4 37. cxd4 Nxd4 38. Rxd4 Qxc5 39. Qf2 Rh8 40. Bh2 Rxh2 0-1

[Event "BCF-chT 9596 (4NCL) 3rd"]
[Site "England"]
[Date "1996.03.16"]
[Round "7.13"]
[White "Granat, Russell"]
[Black "Clarke, Stuart"]
[Result "0-1"]
[WhiteElo "2265"]
[BlackElo "2280"]
[PlyCount "80"]
[EventDate "1995.11.25"]
[EventType "team-tourn"]
[EventRounds "13"]
[EventCountry "ENG"]
[SourceTitle "EXT 2019"]
[Source "ChessBase"]
[SourceDate "2018.10.10"]
[SourceVersion "1"]
[SourceVersionDate "2018.10.10"]
[SourceQuality "1"]
[WhiteTeam "Guildford"]
[BlackTeam "North West Eagles"]
[WhiteTeamCountry "ENG"]
[BlackTeamCountry "ENG"]

1. e4 e6 2. d4 d5 3. exd5 exd5 4. Nf3 Nf6 5. c4 Be7 6. Nc3 dxc4 7. Bxc4 0-0 8. Ne5 Nbd7 9. f4 Nb6 10. Bb3 c5 11. Be3 Nbd5 12. Nxd5 Nxd5 13. Bxd5 Qxd5 14. Qf3 Qxf3 15. Nxf3 c4 16. 0-0 Be6 17. Bd2 Rfd8 18. a4 Bd5 19. Ne5 f6 20. Ng4 b6 21. Ne3 a6 22. Rfe1 Bf8 23. Bc3 Bf7 24. Nf5 Rd7 25. Re2 Re8 26. Rxe8 Bxe8 27. Ne3 Bf7 28. Kf2 Rd8 29. Rd1 Bd5 30. Nc2 Be4 31. Ne3 Bd3 32. b3 b5 33. axb5 axb5 34. bxc4 bxc4 35. Ra1 Rb8 36. Rc1 Ba3 37. Re1 Rb3 38. Bd2 c3 39. Bc1 Be4 40. Nc4 Bb2 0-1